000 00687nam a22002057a 4500
005 20231115110733.0
010 _aENG-138122
020 _a9789357052108
_c1199.00
035 _aEN-121654
037 _bDBAD/PUB
082 _a532.02466
100 _aChin, David A.
_958668
245 _aFluid Mechanics For Engineers/
_cBy David A. Chin
260 _aUttar Pradesh
_bPearson India Education Services Pvt. Ltd.
_c2023
270 _a1st Floor, Berger Tower, Plot No. C-001A/2, Sector 16B
_bNoida
_e201301
300 _a1044 p.
_c25cm(pbk)
_bIndex
700 _aPapadimitriou, Christos
_956652
700 _aVazirani, Umesh
_956874
942 _2ddc
_cEN
_h532.02466
_mCHI
999 _c198314
_d198314